[Event "21st Asia-ch (w)"]
[Site "Chengdu CHN"]
[Date "2017.05.15"]
[Round "4.15"]
[White "Mendoza, Shania Mae"]
[Black "Uuriintuya, Uurtsaikh"]
[Result "1-0"]
[WhiteElo "2019"]
[BlackElo "2251"]
[EventDate "2017.05.12"]
[PlyCount "169"]

1.e4 c5 2.Nf3 Nc6 3.Bb5 d6 4.O-O Bd7 5.Re1 a6 6.Bxc6 Bxc6 7.d4 cxd4 8.Nxd4
Bd7 9.Nc3 e5 10.Nb3 h6 11.Be3 Be6 12.Nd5 Rc8 13.c3 Be7 14.Bb6 Qd7 15.f4 
Nf6 16.Nxf6+ Bxf6 17.f5 Bc4 18.Nd2 O-O 19.Bf2 Rfd8 20.Bb6 Re8 21.Bf2 Bb5 
22.a4 Bc4 23.b3 Bd3 24.Qf3 Rxc3 25.Re3 d5 26.Rxd3 dxe4 27.Rxd7 exf3 28.Ne4
Rxb3 29.gxf3 Rxf3 30.Rxb7 Rxf5 31.Nd6 Rg5+ 32.Bg3 Re7 33.Rab1 Rg4 34.Rxe7 
Bxe7 35.Rb8+ Kh7 36.Nxf7 Bf6 37.a5 e4 38.Kg2 e3 39.Kf3 Ra4 40.Kxe3 Rxa5 
41.Ke4 Kg6 42.Ne5+ Kh5 43.Rb4 Ra1 44.Nd3 a5 45.Nf4+ Kg4 46.Rc4 Rb1 47.Nd5 
Bg5 48.Ra4 Bd8 49.Be5 g5 50.Ra3 Re1+ 51.Ne3+ Kh5 52.Kf5 Be7 53.Rd3 a4 54.
Ng2 Rf1+ 55.Nf4+ Rxf4+ 56.Bxf4 gxf4 57.Rh3+ Bh4 58.Kxf4 a3 59.Rxa3 Bg5+ 
60.Kg3 Bh4+ 61.Kh3 Bd8 62.Rd3 Bc7 63.Rc3 Bf4 64.Rc4 Bb8 65.Rc5+ Kg6 66.Kg2
Ba7 67.Rd5 Bb8 68.h4 Bf4 69.Kf3 Bc1 70.Kg4 Be3 71.Rd6+ Kg7 72.Kf5 Bc1 73.
Rd7+ Kf8 74.Kg6 Ke8 75.Rc7 Bd2 76.Rc2 Bf4 77.Re2+ Kd7 78.Kf6 Kd8 79.Kf7 
Kc7 80.Re4 Bd2 81.Rd4 Be3 82.Re4 Bd2 83.Re7+ Kb6 84.Kg6 Kb5 85.Re5+ 1-0

[Event "21st Asia-ch (w)"]
[Site "Chengdu CHN"]
[Date "2017.05.15"]
[Round "4.16"]
[White "Shamima, Akter Liza"]
[Black "Frayna, Janelle Mae"]
[Result "1/2-1/2"]
[WhiteElo "2109"]
[BlackElo "2287"]
[EventDate "2017.05.12"]
[PlyCount "88"]

1.e4 d6 2.d4 Nf6 3.Nc3 g6 4.Be3 Bg7 5.Be2 O-O 6.Qd2 c6 7.h3 b5 8.e5 b4 9.
exf6 bxc3 10.Qxc3 Bxf6 11.Bf3 Bb7 12.Ne2 Nd7 13.O-O Qc7 14.Qd2 Rab8 15.c4 
c5 16.Bxb7 Qxb7 17.Rab1 cxd4 18.Bxd4 Rfc8 19.b3 d5 20.cxd5 Qxd5 21.Rfd1 
Bxd4 22.Qxd4 Qxd4 23.Nxd4 Nc5 24.Rbc1 e5 25.b4 exd4 26.bxc5 Rb5 27.Rxd4 
Rbxc5 28.Rxc5 Rxc5 29.Ra4 Rc7 30.g4 Kg7 31.Kg2 h5 32.gxh5 gxh5 33.Kg3 Kg6 
34.Ra6+ f6 35.Ra5 Rc3+ 36.f3 Rc7 37.Ra3 Kg5 38.h4+ Kf5 39.Ra5+ Kg6 40.Kf4 
Rc4+ 41.Kg3 Rc7 42.a4 Rb7 43.Ra6 Kf5 44.Ra5+ Kg6 1/2-1/2

[Event "21st Asia-ch (w)"]
[Site "Chengdu CHN"]
[Date "2017.05.15"]
[Round "4.17"]
[White "Swathi, Ghate"]
[Black "Ovezdurdieva, Jemal"]
[Result "1-0"]
[WhiteElo "2280"]
[BlackElo "2016"]
[EventDate "2017.05.12"]
[PlyCount "55"]

1.e4 c5 2.Nf3 d6 3.Bb5+ Bd7 4.c4 Nf6 5.Nc3 g6 6.d4 a6 7.Bxd7+ Nbxd7 8.dxc5
Nxc5 9.Qe2 Bg7 10.O-O O-O 11.Bg5 Ncd7 12.Rfe1 Rc8 13.Nd5 Re8 14.Rad1 Nxd5 
15.exd5 Qc7 16.b3 e5 17.dxe6 Rxe6 18.Qd2 Rce8 19.Rxe6 Rxe6 20.Bf4 Be5 21.
Bxe5 Nxe5 22.Ng5 Re8 23.Ne4 Rd8 24.f4 Ng4 25.h3 Qe7 26.Nxd6 Ne3 27.Nf5 
Nxf5 28.Qxd8+ 1-0

[Event "21st Asia-ch (w)"]
[Site "Chengdu CHN"]
[Date "2017.05.15"]
[Round "4.18"]
[White "Chu Ruotong"]
[Black "Mukhit, Aisezym"]
[Result "1/2-1/2"]
[WhiteElo "2251"]
[BlackElo "2034"]
[EventDate "2017.05.12"]
[PlyCount "89"]

1.d4 Nf6 2.c4 c5 3.d5 b5 4.cxb5 a6 5.bxa6 g6 6.Nc3 Bg7 7.e4 O-O 8.Nf3 Qa5 
9.Bd2 Bxa6 10.Be2 d6 11.O-O Bxe2 12.Qxe2 Qa6 13.Qd1 Nbd7 14.Qc2 Rfb8 15.a4
Qc4 16.Rfe1 Rb3 17.Bc1 Rb4 18.Ra3 Ng4 19.Nd2 Qa6 20.h3 Nge5 21.Nb5 Qa5 22.
b3 c4 23.Rf1 Nc5 24.bxc4 Rxa4 25.Bb2 Rxa3 26.Bxa3 Qa4 27.Rc1 Bh6 28.Qxa4 
Rxa4 29.Bxc5 Bxd2 30.Rd1 Bh6 31.Bd4 Nxc4 32.Na7 Nd2 33.Nc6 Kf8 34.f3 Nb3 
35.Bf2 Bg7 36.Rb1 Ra1 37.Rxa1 Bxa1 38.Bh4 f6 39.Bf2 Ke8 40.Bb6 Kd7 41.Nb8+
Kc8 42.Nc6 Kd7 43.Nb8+ Kc8 44.Nc6 Kd7 45.Nb8+ 1/2-1/2

[Event "21st Asia-ch (w)"]
[Site "Chengdu CHN"]
[Date "2017.05.15"]
[Round "4.19"]
[White "Luong Phuong Hanh"]
[Black "Omurbekova, Diana"]
[Result "1-0"]
[WhiteElo "2224"]
[BlackElo "1822"]
[EventDate "2017.05.12"]
[PlyCount "71"]

1.d4 Nf6 2.Nf3 g6 3.g3 Bg7 4.Bg2 O-O 5.O-O d6 6.a4 Nbd7 7.a5 a6 8.Nc3 e5 
9.e4 c6 10.dxe5 dxe5 11.Qd6 Re8 12.Re1 Bf8 13.Qd3 Bb4 14.Bg5 Qc7 15.Nd2 
Bxa5 16.Rxa5 Qxa5 17.Nc4 Qc7 18.Nd6 Rf8 19.Bh6 Re8 20.Bh3 Re7 21.Qf3 Nh5 
22.Bg4 Ng7 23.Na4 b5 24.Bxd7 Rxd7 25.Qf6 Nh5 26.Qxe5 Re7 27.Qd4 bxa4 28.
Nxf7 Kxf7 29.Qh8 Nf6 30.Qf8+ Ke6 31.Bf4 Bb7 32.Qh6 Qa5 33.e5 Rd7 34.Qh3+ 
Kf7 35.e6+ Ke7 36.exd7+ 1-0

[Event "21st Asia-ch (w)"]
[Site "Chengdu CHN"]
[Date "2017.05.15"]
[Round "4.20"]
[White "Nie Xin"]
[Black "Kiran, Monisha Mohanty"]
[Result "0-1"]
[WhiteElo "2045"]
[BlackElo "2160"]
[EventDate "2017.05.12"]
[PlyCount "44"]

1.d4 Nf6 2.c4 g6 3.Nc3 d5 4.cxd5 Nxd5 5.Bd2 Bg7 6.e4 Nb6 7.Be3 O-O 8.h3 
Nc6 9.Nf3 f5 10.exf5 Bxf5 11.Qb3+ Kh8 12.d5 Ne5 13.Nd4 Qe8 14.f4 Nd3+ 15.
Bxd3 Bxd3 16.Qd1 Bc4 17.Qf3 Rd8 18.f5 Nxd5 19.Bf2 Nxc3 20.Qxc3 b5 21.b4 a5
22.fxg6 axb4 0-1

[Event "21st Asia-ch (w)"]
[Site "Chengdu CHN"]
[Date "2017.05.15"]
[Round "4.21"]
[White "Wen Yili"]
[Black "Ning Kaiyu"]
[Result "0-1"]
[WhiteElo "1723"]
[BlackElo "2134"]
[EventDate "2017.05.12"]
[PlyCount "138"]

1.c4 e6 2.Nf3 d5 3.d4 c6 4.e3 Nf6 5.b3 Nbd7 6.Bb2 Be7 7.Nbd2 O-O 8.Bd3 b6 
9.O-O Bb7 10.Qe2 Qc7 11.Rac1 Rfe8 12.Rfd1 Rad8 13.h3 h6 14.Bb1 Bf8 15.e4 
dxe4 16.Nxe4 Nxe4 17.Qxe4 f5 18.Qe2 c5 19.Ne5 Nxe5 20.dxe5 Qc6 21.f3 Be7 
22.Bc3 Qc7 23.Bc2 Bg5 24.Rxd8 Rxd8 25.Rf1 Bf4 26.Kf2 h5 27.g3 Bh6 28.Rg1 
Qe7 29.f4 h4 30.Qe3 hxg3+ 31.Qxg3 Be4 32.Bb1 Rd7 33.Re1 Ba8 34.Bc2 Qd8 35.
Re2 Qc8 36.Re1 Qd8 37.Re2 a6 38.a4 Bc6 39.Re1 b5 40.axb5 axb5 41.cxb5 Bxb5
42.Kg1 c4 43.bxc4 Bxc4 44.Ra1 Kh7 45.h4 Be2 46.Re1 Bd3 47.Bd1 g6 48.Bf3 
Qb6+ 49.Kh1 Qb3 50.Bd2 Be4 51.Be3 Bc2 52.Bg2 Bd1 53.Bf3 Bc2 54.Rg1 Rg7 55.
Re1 Qc3 56.Ba8 Rg8 57.Bb7 Qb4 58.Bf3 Ba4 59.Kh2 Be8 60.Rd1 Qb3 61.Be2 Bc6 
62.Rd3 Qc2 63.Qf2 Rb8 64.Rd2 Qe4 65.Rd1 Rb3 66.Bc1 Rc3 67.Bd2 Rc2 68.Kg3 
Ra2 69.Bf1 Ra3+ 0-1

[Event "21st Asia-ch (w)"]
[Site "Chengdu CHN"]
[Date "2017.05.15"]
[Round "4.22"]
[White "Zhao Shengxin"]
[Black "Hu Yu A"]
[Result "1-0"]
[WhiteElo "2155"]
[BlackElo "2043"]
[EventDate "2017.05.12"]
[PlyCount "123"]

1.d4 Nf6 2.c4 c5 3.d5 e6 4.Nc3 exd5 5.cxd5 d6 6.Nf3 g6 7.Bf4 a6 8.Nd2 b5 
9.a4 b4 10.Nce4 Nxe4 11.Nxe4 Bf5 12.Nd2 Qf6 13.Nc4 Be7 14.e3 O-O 15.Bd3 
Bxd3 16.Qxd3 Nd7 17.O-O a5 18.Bg3 Rfd8 19.e4 Ne5 20.Bxe5 dxe5 21.Rac1 Bd6 
22.Rc2 Bf8 23.Rfc1 Bh6 24.Ne3 Bf8 25.Nc4 Qe7 26.Nd2 Qe8 27.b3 Ra7 28.Nc4 
f6 29.Qe3 Rc8 30.Rd1 Ra6 31.Qe2 Ra7 32.Nb2 Qd7 33.Qc4 Bd6 34.Rdc1 Rca8 35.
Qb5 Qxb5 36.axb5 Rb7 37.Nc4 Bc7 38.d6 Bd8 39.Nb2 Rxb5 40.Na4 Ra6 41.Rd1 
Rc6 42.Rd5 Kf7 43.g4 Ke8 44.g5 Kf7 45.gxf6 Kxf6 46.Nxc5 Kf7 47.Rc4 h6 48.
Kg2 Bf6 49.d7 Rb8 50.Rc2 Be7 51.Rcd2 Bd8 52.Rxe5 Kf6 53.f4 Kf7 54.Red5 Be7
55.e5 Bxc5 56.d8=Q Rxd8 57.Rxd8 a4 58.bxa4 b3 59.R8d3 Rb6 60.Rb2 Rb4 61.a5
Rxf4 62.Rf3 1-0

[Event "21st Asia-ch (w)"]
[Site "Chengdu CHN"]
[Date "2017.05.15"]
[Round "4.23"]
[White "Hamedi Nia, Vesal"]
[Black "Liu Shilan"]
[Result "1/2-1/2"]
[WhiteElo "1998"]
[BlackElo "2234"]
[EventDate "2017.05.12"]
[PlyCount "134"]

1.d4 Nf6 2.c4 e6 3.Nc3 Bb4 4.Qc2 O-O 5.Nf3 d6 6.Bg5 Nbd7 7.e3 h6 8.Bh4 
Bxc3+ 9.bxc3 Qe7 10.Be2 e5 11.O-O c5 12.Rfe1 Re8 13.h3 Nf8 14.Nd2 Bd7 15.
Rab1 b6 16.Bf3 Rad8 17.a4 g5 18.Bg3 Ng6 19.Ra1 e4 20.Be2 h5 21.a5 h4 22.
Bh2 g4 23.hxg4 Bxg4 24.axb6 axb6 25.Qd1 Bf5 26.Qb3 Nd7 27.Kh1 Kh7 28.f3 
exf3 29.Bxf3 Nf6 30.Qxb6 h3 31.Ra7 Qf8 32.dxc5 hxg2+ 33.Bxg2 Nh4 34.Bc6 
Ng4 35.Rf1 Rxe3 36.Rxf7+ Qxf7 37.Qxd8 Rh3 38.Nf3 Nxf3 39.Rxf3 Rxh2+ 40.Kg1
Re2 41.Qg5 Nh6 42.Bd5 Qf8 43.cxd6 Qxd6 44.Rxf5 Nxf5 45.Qh5+ Kg7 46.Qxe2 
Qg3+ 47.Qg2 Qxg2+ 48.Bxg2 Kf6 49.c5 Ke7 50.Kf2 Kd8 51.Ke2 Kc7 52.Kd3 Ne7 
53.Kc4 Nc8 54.Kd5 Na7 55.Kc4 Nc8 56.Bh3 Ne7 57.Be6 Nc6 58.Kd5 Ne7+ 59.Ke5 
Nc6+ 60.Kf6 Na7 61.Bd5 Nb5 62.c4 Nd4 63.Ke5 Nb3 64.c6 Na5 65.Kd4 Nxc6+ 66.
Kc5 Ne7 67.Be6 Nc6 1/2-1/2

[Event "21st Asia-ch (w)"]
[Site "Chengdu CHN"]
[Date "2017.05.15"]
[Round "4.24"]
[White "Khallaeva, Bakhar"]
[Black "Bayar Anu"]
[Result "1/2-1/2"]
[WhiteElo "2085"]
[BlackElo "2067"]
[EventDate "2017.05.12"]
[PlyCount "55"]

1.e4 c5 2.c3 d5 3.exd5 Qxd5 4.d4 Nc6 5.Nf3 Bg4 6.dxc5 Qxd1+ 7.Kxd1 e5 8.
Be3 f5 9.b4 f4 10.Bd2 e4 11.h3 Bh5 12.Bxf4 exf3 13.g4 Bg6 14.Nd2 O-O-O 15.
Bc4 Re8 16.Re1 Nd8 17.Rxe8 Bxe8 18.Nxf3 Nf6 19.Kc2 Be7 20.Re1 Bg6+ 21.Kb2 
Re8 22.Ne5 Bf8 23.Rd1 Be4 24.f3 Nc6 25.Bb5 Re6 26.Bc4 Re8 27.Bb5 Re6 28.
Bc4 1/2-1/2

[Event "21st Asia-ch (w)"]
[Site "Chengdu CHN"]
[Date "2017.05.15"]
[Round "4.25"]
[White "Khan, Nazrana"]
[Black "Song Yuxin"]
[Result "0-1"]
[WhiteElo "1912"]
[BlackElo "1977"]
[EventDate "2017.05.12"]
[PlyCount "98"]

1.d4 Nf6 2.Nf3 e6 3.c4 b6 4.g3 Ba6 5.b3 d5 6.Bg2 Bd6 7.Ne5 c6 8.Nd2 O-O 9.
Bb2 Bb7 10.O-O Na6 11.e4 Nc7 12.Re1 c5 13.cxd5 exd5 14.exd5 Bxd5 15.dxc5 
Bxc5 16.Ndf3 Ne6 17.Qc2 Rc8 18.Qf5 g6 19.Nc6 gxf5 20.Nxd8 Ne4 21.Nxe6 
Bxf2+ 22.Kf1 fxe6 23.Re2 Bxg3 24.Bh3 Bd6 25.Nd4 Kf7 26.Nb5 Bb8 27.Rd1 Rfd8
28.Ke1 Ng5 29.Bg2 Bf3 30.Rxd8 Rxd8 31.Bxf3 Nxf3+ 32.Kf2 Nxh2 33.Nd4 Ng4+ 
34.Kf3 Be5 35.Nc6 Rd3+ 36.Kg2 Rg3+ 37.Kf1 Bxb2 38.Rxb2 Ne3+ 39.Ke1 Rg1+ 
40.Kd2 Rg2+ 41.Kc1 h5 42.Nxa7 h4 43.Nc6 Rxb2 44.Kxb2 h3 45.Ne5+ Ke8 46.Nf3
Nf1 47.a4 h2 48.Nxh2 Nxh2 49.b4 Kd7 0-1

[Event "21st Asia-ch (w)"]
[Site "Chengdu CHN"]
[Date "2017.05.16"]
[Round "5.1"]
[White "Vo Thi Kim Phung"]
[Black "Pham Le Thao Nguyen"]
[Result "1/2-1/2"]
[WhiteElo "2323"]
[BlackElo "2331"]
[EventDate "2017.05.12"]
[PlyCount "82"]

1.d4 Nf6 2.Nf3 e6 3.c4 d5 4.g3 Bb4+ 5.Nc3 O-O 6.Bg2 Nbd7 7.O-O dxc4 8.Qc2 
Rb8 9.a4 a5 10.Rd1 Nb6 11.e4 Bd7 12.Ne5 Qe8 13.Bf4 Rc8 14.Bg5 Bxc3 15.Nxd7
Nfxd7 16.Qxc3 f6 17.Be3 Ra8 18.d5 Kh8 19.b3 exd5 20.exd5 Qe5 21.Bd4 Qd6 
22.bxc4 Nc5 23.Qa3 Nbd7 24.Bh3 b6 25.Re1 Ne5 26.f4 Ned3 27.Bxc5 Nxc5 28.
Be6 Rad8 29.f5 Nb7 30.Qxd6 Rxd6 31.Bf7 Rd7 32.Be8 Rd8 33.Bb5 Nd6 34.Re7 
Rf7 35.Rae1 Kg8 36.g4 g6 37.fxg6 hxg6 38.R7e6 Kg7 39.Be8 Rf8 40.Re7+ Kh6 
41.Bb5 Rf7 1/2-1/2

[Event "21st Asia-ch (w)"]
[Site "Chengdu CHN"]
[Date "2017.05.16"]
[Round "5.2"]
[White "Lei Tingjie"]
[Black "Nguyen Thi Mai Hung"]
[Result "1/2-1/2"]
[WhiteElo "2482"]
[BlackElo "2257"]
[EventDate "2017.05.12"]
[PlyCount "68"]

1.e4 e6 2.d4 d5 3.Nc3 Nf6 4.e5 Nfd7 5.f4 c5 6.Nf3 Nc6 7.Be3 Be7 8.Qd2 O-O 
9.dxc5 Bxc5 10.O-O-O Qa5 11.a3 a6 12.Bxc5 Nxc5 13.Qe3 Rd8 14.h4 Bd7 15.h5 
Rac8 16.h6 g6 17.f5 Be8 18.fxg6 fxg6 19.Be2 Nd7 20.Qf4 Qc7 21.Ng5 Ncxe5 
22.Rhf1 Qb6 23.Bg4 Bf7 24.Nce4 Qb3 25.Rf2 dxe4 26.Rxd7 Qa2 27.Qxe5 Qa1+ 
28.Kd2 Rxd7+ 29.Ke3 Qc1+ 30.Kxe4 Rc4+ 31.Kf3 Qd1+ 32.Ke3 Qc1+ 33.Kf3 Qd1+ 
34.Ke3 Qc1+ 1/2-1/2

[Event "21st Asia-ch (w)"]
[Site "Chengdu CHN"]
[Date "2017.05.16"]
[Round "5.4"]
[White "Ren Xiaoyi"]
[Black "Soumya, Swaminathan"]
[Result "1/2-1/2"]
[WhiteElo "2257"]
[BlackElo "2359"]
[EventDate "2017.05.12"]
[PlyCount "117"]

1.d4 Nf6 2.c4 c5 3.d5 e6 4.Nc3 exd5 5.cxd5 d6 6.g3 g6 7.Bg2 Bg7 8.a4 O-O 
9.Nf3 Na6 10.O-O Nb4 11.Nd2 b6 12.Nc4 Ba6 13.Nb5 Bxb5 14.axb5 Qd7 15.Qa4 
Nbxd5 16.Rd1 Qe6 17.e4 Nb4 18.e5 dxe5 19.Bxa8 Rxa8 20.Qb3 Bf8 21.Bd2 e4 
22.Bg5 Nd3 23.Rxd3 exd3 24.Qxd3 Qd5 25.Qxd5 Nxd5 26.Bf4 f6 27.Kg2 g5 28.
Be3 Nc7 29.g4 Kf7 30.Kf3 Ke6 31.Ke4 Nxb5 32.Nxb6 Nd6+ 33.Kf3 Rb8 34.Na4 
Nb7 35.Nc3 a5 36.Ne4 Be7 37.Rc1 Rc8 38.Bd2 Rd8 39.Bc3 Rd3+ 40.Kg2 f5 41.
gxf5+ Kxf5 42.Re1 Kg6 43.f3 Rd7 44.Kf2 Bd8 45.Kg2 h6 46.Re2 Kf7 47.Kh3 Kg6
48.Kg4 h5+ 49.Kh3 Rd3 50.Kg2 Rd5 51.Ng3 h4 52.Ne4 Nd6 53.Nxc5 Rxc5 54.Re6+
Kf7 55.Rxd6 Bc7 56.Ra6 Be5 57.Rxa5 Rxa5 58.Bxa5 Bxb2 59.Kh3 1/2-1/2

[Event "21st Asia-ch (w)"]
[Site "Chengdu CHN"]
[Date "2017.05.16"]
[Round "5.10"]
[White "Mohota, Nisha"]
[Black "Gong Qianyun"]
[Result "1/2-1/2"]
[WhiteElo "2260"]
[BlackElo "2298"]
[EventDate "2017.05.12"]
[PlyCount "88"]

1.d4 Nf6 2.Bf4 d5 3.e3 c5 4.c3 Nc6 5.Nd2 e6 6.Ngf3 cxd4 7.exd4 Nh5 8.Be3 
Bd6 9.Ne5 g6 10.Bb5 Qc7 11.g4 Ng7 12.Qf3 O-O 13.Nd3 f5 14.gxf5 Nxf5 15.Qg2
Qf7 16.O-O-O Bd7 17.Bxc6 Bxc6 18.h4 Kh8 19.Bg5 Ng7 20.f4 Nh5 21.Bh6 Rfc8 
22.Ne5 Qf5 23.Qg5 Bxe5 24.Qxf5 gxf5 25.fxe5 Rg8 26.Rhg1 Bb5 27.Rde1 Rg3 
28.Bg5 Kg7 29.Bf4 Rg4 30.Bh2 Kf7 31.Nf3 h6 32.Kd2 Rag8 33.Ke3 Rg2 34.Ng5+ 
R8xg5 35.hxg5 Rxh2 36.gxh6 f4+ 37.Kf3 Bd3 38.Rg5 Bg6 39.b3 Ng3 40.Kxf4 Nf5
41.c4 Rf2+ 42.Kg4 Rg2+ 43.Kf4 Rf2+ 44.Kg4 Rg2+ 1/2-1/2

[Event "21st Asia-ch (w)"]
[Site "Chengdu CHN"]
[Date "2017.05.16"]
[Round "5.15"]
[White "Kiran, Monisha Mohanty"]
[Black "Atabaeva, Gozel"]
[Result "1-0"]
[WhiteElo "2160"]
[BlackElo "1990"]
[EventDate "2017.05.12"]
[PlyCount "87"]

1.e4 c5 2.Nf3 Nc6 3.Bb5 g6 4.Bxc6 bxc6 5.O-O Bg7 6.Re1 d5 7.d3 Nf6 8.Nbd2 
O-O 9.h3 Nd7 10.Nb3 e5 11.Be3 Qe7 12.Qd2 f5 13.exf5 gxf5 14.Bh6 Qd6 15.
Bxg7 Kxg7 16.Qg5+ Kh8 17.Qg3 Re8 18.Qg5 Rf8 19.Rad1 Ba6 20.Nxc5 Nxc5 21.
Rxe5 Rg8 22.Qh4 Qg6 23.g3 Rge8 24.Rxe8+ Rxe8 25.Qd4+ Qg7 26.Qxc5 Bc8 27.
Qxc6 Rg8 28.Qc3 f4 29.Qxg7+ Rxg7 30.Kg2 fxg3 31.fxg3 Rb7 32.Re1 Kg7 33.b3 
Rc7 34.Nd4 Kf6 35.g4 Rg7 36.Re8 Bd7 37.Rh8 Ke5 38.c3 Kd6 39.Ra8 h5 40.Rxa7
Bc8 41.Nf5+ Bxf5 42.Rxg7 hxg4 43.Kg3 Bxd3 44.Kxg4 1-0

[Event "21st Asia-ch (w)"]
[Site "Chengdu CHN"]
[Date "2017.05.16"]
[Round "5.16"]
[White "Doan Thi Van Anh"]
[Black "Pratyusha, Bodda"]
[Result "0-1"]
[WhiteElo "1997"]
[BlackElo "2269"]
[EventDate "2017.05.12"]
[PlyCount "120"]

1.d4 Nf6 2.Nf3 e6 3.e3 d5 4.Bd3 b6 5.O-O Bb7 6.Nbd2 Bd6 7.b3 O-O 8.Bb2 
Nbd7 9.Ne5 c5 10.f4 Ne4 11.Bxe4 dxe4 12.Ndc4 Be7 13.f5 exf5 14.Rxf5 Nf6 
15.Qe2 Nd5 16.dxc5 Bxc5 17.Nxf7 Rxf7 18.Rxf7 Kxf7 19.Qg4 Nf6 20.Rf1 Qc8 
21.Qh4 Kg8 22.Bxf6 gxf6 23.Rxf6 Qd7 24.Rf4 Rf8 25.Rg4+ Kh8 26.h3 b5 27.Qg5
Qe7 28.Qxe7 Bxe7 29.Nd2 Bc5 30.Nxe4 Bxe3+ 31.Kh2 Bf4+ 32.g3 Bxe4 33.gxf4 
Bxc2 34.Rg5 a6 35.Rc5 Bb1 36.Kg3 Bxa2 37.b4 Rf6 38.f5 Kg7 39.Kf4 Bb1 40.
Rc7+ Kh6 41.Rc5 Kh5 42.h4 h6 43.Rc1 Rxf5+ 44.Kg3 Be4 45.Rd1 Rf3+ 46.Kh2 
Rb3 47.Rd6 Rxb4 48.Rxa6 Rb3 49.Re6 Bf5 50.Re5 Kg4 51.h5 Rb2+ 52.Kg1 b4 53.
Re3 b3 54.Rc3 Be4 55.Re3 Bf3 56.Re6 Rg2+ 57.Kf1 b2 58.Re1 Rc2 59.Kg1 Rc1 
60.Kh2 Kf4 0-1

[Event "21st Asia-ch (w)"]
[Site "Chengdu CHN"]
[Date "2017.05.16"]
[Round "5.17"]
[White "Frayna, Janelle Mae"]
[Black "Zhao Shengxin"]
[Result "1/2-1/2"]
[WhiteElo "2287"]
[BlackElo "2155"]
[EventDate "2017.05.12"]
[PlyCount "66"]

1.e4 c5 2.Nf3 d6 3.Bb5+ Nd7 4.d4 cxd4 5.Qxd4 Nf6 6.Nc3 a6 7.Bxd7+ Bxd7 8.
Bg5 e5 9.Qd3 Bc6 10.O-O h6 11.Bxf6 Qxf6 12.Nd5 Bxd5 13.Qxd5 Rb8 14.a4 Be7 
15.Rfd1 O-O 16.a5 Rfc8 17.Qd3 Rc6 18.Nd2 Rbc8 19.c4 Qe6 20.b3 b6 21.Nf1 
Bg5 22.g3 h5 23.h4 Bh6 24.axb6 Rxb6 25.Nh2 g6 26.Ra3 Rcb8 27.Kg2 Qc8 28.
Nf3 Qc6 29.Qd5 Qxd5 30.Rxd5 Bf8 31.Nd2 Bh6 32.Nf3 Bf8 33.Nd2 Bh6 1/2-1/2

[Event "21st Asia-ch (w)"]
[Site "Chengdu CHN"]
[Date "2017.05.16"]
[Round "5.18"]
[White "Song Yuxin"]
[Black "Chu Ruotong"]
[Result "1/2-1/2"]
[WhiteElo "1977"]
[BlackElo "2251"]
[EventDate "2017.05.12"]
[PlyCount "71"]

1.e4 c5 2.c3 Nf6 3.e5 Nd5 4.d4 cxd4 5.Nf3 Nc6 6.cxd4 d6 7.Bc4 e6 8.O-O Be7
9.Qe2 O-O 10.Rd1 Na5 11.b3 Qc7 12.Bd2 dxe5 13.Nxe5 Nc6 14.Nxc6 Qxc6 15.Nc3
Bf6 16.Be1 Nf4 17.Qe4 Qxe4 18.Nxe4 Be7 19.Nc3 Rd8 20.g3 Nd5 21.Nxd5 exd5 
22.Be2 Be6 23.b4 Rac8 24.Rac1 Bf6 25.Bc3 Rc7 26.Bb2 Rdc8 27.Rxc7 Rxc7 28.
Bd3 g6 29.Rd2 Bf5 30.Bxf5 gxf5 31.f4 Rc4 32.a3 Kf8 33.Kf2 b5 34.Ke2 Ke7 
35.Kd3 Kd7 36.Bc3 1/2-1/2

[Event "21st Asia-ch (w)"]
[Site "Chengdu CHN"]
[Date "2017.05.16"]
[Round "5.20"]
[White "Mukhit, Aisezym"]
[Black "Liu Shilan"]
[Result "1/2-1/2"]
[WhiteElo "2034"]
[BlackElo "2234"]
[EventDate "2017.05.12"]
[PlyCount "114"]

1.d4 Nf6 2.c4 e6 3.Nc3 Bb4 4.e3 O-O 5.Bd3 d5 6.a3 Bxc3+ 7.bxc3 b6 8.cxd5 
exd5 9.Ne2 Ba6 10.O-O Re8 11.Bxa6 Nxa6 12.Qd3 Qc8 13.f3 c5 14.Bb2 c4 15.
Qd2 Qc6 16.Ng3 Nc7 17.Rae1 Re6 18.Re2 Rae8 19.Rfe1 h5 20.Qc2 g6 21.Nf1 Nb5
22.Nd2 Nd6 23.a4 a6 24.Ba3 b5 25.Bxd6 Qxd6 26.e4 b4 27.cxb4 dxe4 28.Qxc4 
e3 29.Nf1 Nd5 30.b5 axb5 31.axb5 Qd7 32.Qb3 Rb8 33.Rb1 Nf4 34.Rxe3 Ne2+ 
35.Kh1 Nxd4 36.Qa4 Nxb5 37.Rxe6 fxe6 38.Qe4 Kh7 39.Re1 Nc7 40.Ng3 Rb5 41.
Qh4 Nd5 42.Ne4 Kg7 43.g4 Qf7 44.Ng5 Qe7 45.Nxe6+ Kg8 46.Ng5 Ne3 47.Qf2 
Qxg5 48.Qxe3 Qxe3 49.Rxe3 hxg4 50.fxg4 Rb2 51.Rf3 Kg7 52.Kg1 Kh6 53.h4 Kg7
54.Rf2 Rb4 55.Rg2 Rb3 56.Kh2 Ra3 57.Rf2 Rb3 1/2-1/2

[Event "21st Asia-ch (w)"]
[Site "Chengdu CHN"]
[Date "2017.05.16"]
[Round "5.21"]
[White "Uuriintuya, Uurtsaikh"]
[Black "Hamedi Nia, Vesal"]
[Result "1-0"]
[WhiteElo "2251"]
[BlackElo "1998"]
[EventDate "2017.05.12"]
[PlyCount "63"]

1.e4 c5 2.Nf3 e6 3.d4 cxd4 4.Nxd4 a6 5.Nc3 Qc7 6.Be2 Nf6 7.O-O Be7 8.f4 d6
9.a4 Nbd7 10.Bf3 O-O 11.Be3 Nb6 12.Kh1 Nc4 13.Bc1 Bd7 14.Nb3 Rab8 15.a5 
Rfd8 16.Qd3 Be8 17.Be2 Rbc8 18.Qh3 e5 19.fxe5 dxe5 20.Bg5 Nxb2 21.Bxf6 
Bxf6 22.Nd5 Rxd5 23.exd5 Bd7 24.Bg4 Rd8 25.Bxd7 Rxd7 26.Qg4 Rd6 27.c4 Qxc4
28.Qxc4 Nxc4 29.Rfc1 Ne3 30.Rc8+ Bd8 31.Nc5 Rxd5 32.Nxb7 1-0

[Event "21st Asia-ch (w)"]
[Site "Chengdu CHN"]
[Date "2017.05.16"]
[Round "5.23"]
[White "Bayar Anu"]
[Black "Wen Yili"]
[Result "0-1"]
[WhiteElo "2067"]
[BlackElo "1723"]
[EventDate "2017.05.12"]
[PlyCount "136"]

1.d4 Nf6 2.c4 e6 3.Nc3 Bb4 4.e3 O-O 5.Bd3 c5 6.Ne2 d5 7.cxd5 cxd4 8.exd4 
Nxd5 9.O-O Nc6 10.a3 Be7 11.Bc2 b6 12.Qd3 g6 13.Bb3 Nxc3 14.bxc3 Bb7 15.
Nf4 Na5 16.Bc2 Rc8 17.Qh3 Qc7 18.Qh6 Bf6 19.Nh5 Bh8 20.Bf4 Qc6 21.f3 Qxc3 
22.Be4 Bxe4 23.fxe4 Bxd4+ 24.Kh1 gxh5 25.Rac1 Bg7 26.Rxc3 Bxh6 27.Rg3+ Kh8
28.Bxh6 Rg8 29.Bg5 h6 30.Bf6+ Kh7 31.Rd3 Rc7 32.Be5 Rb7 33.Rdf3 Rc8 34.
Rxf7+ Rxf7 35.Rxf7+ Kg8 36.Rg7+ Kf8 37.h4 Rc1+ 38.Kh2 Nc4 39.Rc7 Rc2 40.
Bg7+ Ke8 41.Bxh6 Ne3 42.Rxc2 Nxc2 43.Bc1 b5 44.g4 hxg4 45.Kg3 Kf7 46.Kxg4 
a5 47.Kg5 b4 48.axb4 axb4 49.h5 Ne1 50.h6 Nd3 51.h7 Kg7 52.Bd2 b3 53.Bc3+ 
e5 54.h8=Q+ Kxh8 55.Kf6 Kh7 56.Ba1 Kh6 57.Bc3 Kh5 58.Kf5 Kh4 59.Ba1 Kg3 
60.Bc3 Kf3 61.Ba1 Ke2 62.Bc3 Kd1 63.Ba1 Kc2 64.Ke6 b2 65.Bxb2 Kxb2 66.Kd5 
Kc3 67.Ke6 Kd4 68.Kf5 Nc5 0-1

[Event "21st Asia-ch (w)"]
[Site "Chengdu CHN"]
[Date "2017.05.16"]
[Round "5.25"]
[White "Omurbekova, Diana"]
[Black "Khan, Nazrana"]
[Result "1-0"]
[WhiteElo "1822"]
[BlackElo "1912"]
[EventDate "2017.05.12"]
[PlyCount "83"]

1.e4 c5 2.Nf3 e6 3.d3 Nc6 4.g3 g6 5.Bg2 Bg7 6.O-O Nge7 7.c3 O-O 8.Re1 b6 
9.a3 Bb7 10.Nbd2 Qc7 11.Qe2 d6 12.Nf1 Ne5 13.Nxe5 dxe5 14.h4 h6 15.Nh2 Kh7
16.h5 g5 17.Nf3 f6 18.Bh3 Qd6 19.b4 Rad8 20.bxc5 Qxd3 21.cxb6 Ba6 22.Qxd3 
Rxd3 23.Bf1 Rxf3 24.Bxa6 axb6 25.Be3 f5 26.Be2 fxe4 27.Bxf3 exf3 28.Bxb6 
Nd5 29.Ba5 Rc8 30.Rac1 Rc4 31.Rb1 e4 32.Rb7 Kg8 33.Reb1 Be5 34.Rd7 Rc8 35.
c4 Rxc4 36.Rd8+ Kf7 37.Rb7+ Ne7 38.Rdd7 Kf6 39.Rxe7 Bd4 40.Rbc7 Bc5 41.Bb4
e3 42.Rxc5 1-0

[Event "21st Asia-ch (w)"]
[Site "Chengdu CHN"]
[Date "2017.05.17"]
[Round "6.1"]
[White "Pham Le Thao Nguyen"]
[Black "Nakhbaeva, Guliskhan"]
[Result "1/2-1/2"]
[WhiteElo "2331"]
[BlackElo "2321"]
[EventDate "2017.05.12"]
[PlyCount "40"]

1.d4 Nf6 2.Nf3 e6 3.Bf4 c5 4.e3 b6 5.Nbd2 Be7 6.h3 O-O 7.c3 h6 8.a4 cxd4 
9.exd4 Nc6 10.Bd3 Bb7 11.O-O Rc8 12.Re1 Re8 13.Qe2 Bf8 14.Bg3 Ne7 15.Nc4 
Nf5 16.Bh2 Ne4 17.Nce5 Ng5 18.Nxg5 Qxg5 19.Qg4 Nh4 20.Bf1 d6 1/2-1/2

[Event "21st Asia-ch (w)"]
[Site "Chengdu CHN"]
[Date "2017.05.17"]
[Round "6.4"]
[White "Nguyen Thi Mai Hung"]
[Black "Mongontuul, Batchujagijn"]
[Result "1/2-1/2"]
[WhiteElo "2257"]
[BlackElo "2431"]
[EventDate "2017.05.12"]
[PlyCount "61"]

1.d4 d5 2.Nf3 Nf6 3.e3 Bf5 4.c4 c6 5.Nc3 e6 6.Nh4 Be4 7.f3 Bg6 8.g3 Be7 9.
Nxg6 hxg6 10.a3 Qc7 11.Qc2 Nbd7 12.f4 dxc4 13.Bxc4 Nb6 14.Bd3 c5 15.dxc5 
Bxc5 16.Ne4 Nxe4 17.Bxe4 Rc8 18.Qg2 Nc4 19.Bxb7 Rb8 20.Qc6+ Qxc6 21.Bxc6+ 
Ke7 22.b4 Nxe3 23.Bxe3 Bxe3 24.Ke2 Bb6 25.a4 Bd4 26.Rab1 Bc3 27.b5 Ba5 28.
Rbd1 Rbd8 29.Rxd8 Rxd8 30.Rd1 Rxd1 31.Kxd1 1/2-1/2

[Event "21st Asia-ch (w)"]
[Site "Chengdu CHN"]
[Date "2017.05.17"]
[Round "6.5"]
[White "Padmini, Rout"]
[Black "Ren Xiaoyi"]
[Result "1/2-1/2"]
[WhiteElo "2380"]
[BlackElo "2257"]
[EventDate "2017.05.12"]
[PlyCount "142"]

1.e4 e5 2.Nf3 Nc6 3.Bc4 Bc5 4.O-O Nf6 5.d3 O-O 6.c3 d6 7.a4 a5 8.Bg5 Bb6 
9.Nbd2 Be6 10.Qb3 Qe7 11.Rfe1 Rae8 12.h3 Kh8 13.Nf1 Bxc4 14.Qxc4 Qe6 15.
Qxe6 fxe6 16.N1d2 Nd7 17.Kf1 Rf7 18.Ke2 Ref8 19.Nc4 Bc5 20.Be3 h6 21.Rf1 
Rb8 22.Na3 Bxe3 23.Kxe3 Nf6 24.d4 exd4+ 25.cxd4 Rbf8 26.Nd2 Nh5 27.g3 e5 
28.d5 Nd4 29.Rac1 Nf3 30.Nac4 b6 31.g4 Nxd2 32.Nxd2 Nf4 33.f3 Nxh3 34.Rc3 
Ng5 35.Ke2 Re8 36.Rfc1 Ree7 37.Rf1 g6 38.Rh1 Rh7 39.Ke3 Nf7 40.Nc4 Nd8 41.
b4 axb4 42.Rb3 Nb7 43.Rxb4 Re8 44.a5 Nxa5 45.Nxa5 bxa5 46.Rb5 Ra8 47.Ra1 
a4 48.Rb4 a3 49.Ra2 Kg7 50.Rb3 Kf6 51.Raxa3 Rxa3 52.Rxa3 Kg5 53.Ra1 h5 54.
gxh5 gxh5 55.Rg1+ Kf6 56.Rc1 h4 57.Kf2 Rg7 58.Rh1 Kg5 59.Ke3 Kh5 60.Kf2 
Rg8 61.Rc1 Rc8 62.Kg2 Kg5 63.Kf2 Kf6 64.Rh1 Rh8 65.Rc1 Rh7 66.Kg2 Rd7 67.
Kf2 Rg7 68.Rh1 Kg5 69.Ke3 Kh5 70.Kf2 Rf7 71.Rc1 Rg7 1/2-1/2